50 Biggest Cities in Mexico - Statistics

General Stats
  • This quiz has been taken 76 times
  • The average score is 28 of 50
Answer Stats
Rank City State Population % Correct
4 Guadalajara Jalisco 4.116 m
100%
1 Mexico City Federal District 17.447 m
100%
6 Puebla Puebla 2.004 m
100%
2* Tijuana Baja California 4.939 m
98%
3 Monterrey Nuevo León 4.196 m
97%
5* Juárez Chihuahua 2.201 m
91%
10 San Luis Potosí San Luis Potosí 1.030 m
91%
26 Cancún Quintana Roo 668 k
90%
12 Mérida Yucatan 976 k
86%
16 Chihuahua Chihuahua 855 k
84%
7 León Guanajuato 1.425 m
84%
23 Veracruz Veracruz 699 k
83%
13 Aguascalientes Aguascalientes 963 k
81%
11 Querétaro Querétaro 1.015 m
78%
31 Oaxaca Oaxaca 543 k
74%
19 Acapulco Guerrero 771 k
71%
28 Durango Durango 572 k
71%
17* Mexicali Baja California 825 k
71%
9 Toluca State of Mexico 1.353 m
69%
18 Hermosillo Sonora 797 k
60%
15 Saltillo Coahuila 861 k
60%
8 Torreón Coahuila 1.415 m
60%
48 Zacatecas Zacatecas 299 k
60%
44 Colima Colima 319 k
57%
37 La Paz Baja California Sur 394 k
57%
21 Culiacán Sinaloa 719 k
53%
24 Morelia Michoacán 680 k
53%
27 Tuxtla Gutiérrez Chiapas 606 k
53%
30 Villahermosa Tabasco 556 k
50%
29 Xalapa Veracruz 568 k
48%
14 Cuernavaca Morelos 919 k
47%
22* Reynosa Tamaulipas 712 k
47%
33 Tepic Nayarit 479 k
47%
25* Laredo Nuevo León 680 k
43%
41 Ciudad Victoria Tamaulipas 340 k
41%
40 Ensenada Baja California 345 k
41%
20* Matamoros Tamaulipas 729 k
40%
35 Mazatlan Sinaloa 426 k
36%
50 Los Mochis Sinaloa 267 k
34%
36 Celaya Guanajuato 426 k
29%
32 Irapuato Guanajuato 487 k
28%
47* Nogales Sonora 301 k
28%
34 Pachuca Hidalgo 469 k
28%
38 Uruapan Michoacán 377 k
28%
42 Orizaba Veracruz 322 k
22%
45 Tapachula Chiapas 315 k
22%
43 Monclova Coahuila 319 k
17%
49 Poza Rica Veracruz 273 k
17%
46 Coatzacoalcos Veracruz 313 k
16%
39 Cajeme Sonora 349 k
3%
No matching quizzes found
Score Distribution
Percent of People with Each Score
Percentile by Number Answered
Your Score History
You have not taken this quiz